[Event "ch-RUS Blitz 2016"]
[Site "Sochi RUS"]
[Date "2016.10.04"]
[Round "21.14"]
[White "Antonenko, Vladimir"]
[Black "Sakaev, Konstantin"]
[Result "0-1"]
[WhiteTitle "FM"]
[BlackTitle "GM"]
[WhiteElo "2311"]
[BlackElo "2594"]
[WhiteFideId "24159409"]
[BlackFideId "4104226"]
[EventDate "2016.10.04"]

1. d4 Nf6 2. c4 e6 3. Nf3 c5 4. d5 exd5 5. cxd5 d6 6. Nc3 g6 7. Bf4 a6 8. a4 Bg7
9. h3 O-O 10. e3 Qe7 11. Be2 Nbd7 12. O-O Rb8 13. Nd2 Ne5 14. Re1 h6 15. a5 g5
16. Bxe5 Qxe5 17. Nc4 Qe7 18. Bd3 Re8 19. Qf3 g4 20. hxg4 Nxg4 21. Bf5 Ne5 22.
Nxe5 Qxe5 23. Bxc8 Rbxc8 24. Ra4 f5 25. Rf4 Rf8 26. Ra1 Rf7 27. Raa4 Rcf8 28.
Nd1 Qe7 29. Qe2 Be5 30. Rf3 Qg5 31. g3 h5 32. Kf1 Rh7 33. Nc3 h4 34. gxh4 Rxh4
35. Rxh4 Qxh4 36. Ke1 Qh1+ 37. Kd2 Rf7 38. e4 f4 39. Rd3 f3 40. Qd1 Qg2 41. Qe1
Bd4 42. Nd1 Re7 43. b3 Qg4 44. Nc3 Bxc3+ 45. Rxc3 Rxe4 46. Re3 Qf4 47. Kd3 c4+
48. bxc4 Rd4+ 49. Kc2 Rxc4+ 50. Rc3 Qf5+ 51. Kb3 Rxc3+ 52. Kxc3 Qxd5 53. Qe8+
Kg7 54. Qe7+ Kg6 55. Qe8+ Kf5 56. Qh5+ Ke6 57. Qe8+ Kf6 58. Qh8+ Ke7 59. Qh7+
Kd8 60. Qh8+ Kc7 61. Qg7+ Kc6 62. Qf8 Qxa5+ 63. Kd3 Qd5+ 64. Kc3 Qc5+ 65. Kd3
Qxf2 66. Qe8+ Kb6 67. Qd8+ Ka7 68. Qxd6 Qb6 69. Qf4 f2 70. Ke2 Qc5 71. Kf1 a5
72. Qa4 Ka6 73. Qa2 Qe3 74. Qc4+ Ka7 75. Kg2 Kb6 76. Qf7 a4 77. Qf6+ Ka7 78. Qb2
a3 79. Qb4 Qe1 80. Qc5+ b6 81. Qxa3+ Kb7 82. Qf3+ Ka6 83. Qa3+ Kb5 84. Qb3+ Kc5
85. Qa3+ Kc4 86. Qa2+ Kc3 87. Qa3+ Kd4 88. Qb2+ Kc5 89. Qa3+ Qb4 90. Qe3+ Qd4
91. Qe7+ Kb5 92. Qe8+ Ka5 93. Kf1 b5 94. Qa8+ Kb4 95. Qf8+ Ka4 96. Qa8+ Kb3 97.
Qf8 b4 98. Qf5 Kb2 99. Qf3 b3 100. Qe2+ Kb1 101. Qb5 b2 102. Qb3 Kc1 103. Qa3
Kc2 104. Qa2 Qb4 105. Kxf2 Kc1 106. Qd5 b1=Q 107. Qg5+ Qd2+ 0-1

[Event "ch-RUS Blitz 2016"]
[Site "Sochi RUS"]
[Date "2016.10.04"]
[Round "21.15"]
[White "Hasangatin, Ramil"]
[Black "Khismatullin, Denis"]
[Result "0-1"]
[WhiteTitle "GM"]
[BlackTitle "GM"]
[WhiteElo "2505"]
[BlackElo "2617"]
[WhiteFideId "4122160"]
[BlackFideId "4142578"]
[EventDate "2016.10.04"]

1. Nf3 Nf6 2. c4 d6 3. Nc3 Nbd7 4. g3 g6 5. b4 Bg7 6. Bb2 O-O 7. Bg2 e5 8. d3
Re8 9. e4 a5 10. a3 c6 11. O-O Nb6 12. Qb3 h6 13. Rab1 Be6 14. Qc2 axb4 15. axb4
Nbd7 16. b5 Nc5 17. Ra1 Qc7 18. Nd2 Nfd7 19. Nb3 Kh7 20. Nxc5 Nxc5 21. h4 h5 22.
Rxa8 Rxa8 23. Ra1 Rxa1+ 24. Bxa1 Qa5 25. Bb2 Bh6 26. Kh2 Qb4 27. Bh3 Bxh3 28.
Kxh3 Nxd3 29. Qxd3 Qxb2 30. Kg2 Qb3 31. bxc6 bxc6 32. Kf1 Bf8 33. Ke2 Be7 34.
Nd1 Qa2+ 35. Kf1 Qa1 36. Ke2 Kg8 37. Qb3 Qc1 38. Qc3 0-1

[Event "ch-RUS Blitz 2016"]
[Site "Sochi RUS"]
[Date "2016.10.04"]
[Round "21.16"]
[White "Paravyan, David"]
[Black "Yuffa, Daniil"]
[Result "1-0"]
[WhiteTitle "IM"]
[BlackTitle "IM"]
[WhiteElo "2528"]
[BlackElo "2534"]
[WhiteFideId "4194985"]
[BlackFideId "24131423"]
[EventDate "2016.10.04"]

1. e3 g6 2. Nf3 Bg7 3. Be2 e5 4. O-O d6 5. d4 Nd7 6. b4 Ngf6 7. Bb2 e4 8. Nfd2
O-O 9. c4 Re8 10. Nc3 Nf8 11. a4 h5 12. b5 h4 13. a5 h3 14. g3 a6 15. bxa6 bxa6
16. Nd5 Nxd5 17. cxd5 Nh7 18. Qc2 Nf6 19. Rfc1 Nxd5 20. Qc6 Rb8 21. Ba3 Bb7 22.
Qa4 Qg5 23. Rab1 Ba8 24. Rb3 Rxb3 25. Qxe8+ Kh7 26. Nxb3 Nxe3 27. Qxa8 d5 28.
Qc8 Nf5 29. Qxc7 e3 30. f4 Qf6 31. Rc6 Nxd4 32. Rxf6 Nxe2+ 33. Kf1 Nxg3+ 34. Ke1
Bxf6 35. Qxf7+ 1-0

[Event "ch-RUS Blitz 2016"]
[Site "Sochi RUS"]
[Date "2016.10.04"]
[Round "21.17"]
[White "Chigaev, Maksim"]
[Black "Moiseenko, Vadim"]
[Result "1-0"]
[WhiteTitle "IM"]
[BlackTitle "IM"]
[WhiteElo "2551"]
[BlackElo "2528"]
[WhiteFideId "4108116"]
[BlackFideId "4123700"]
[EventDate "2016.10.04"]

1. e4 c5 2. Nf3 d6 3. d4 Nf6 4. Nc3 cxd4 5. Nxd4 a6 6. h3 g6 7. g4 Bg7 8. Bg2
O-O 9. O-O Nc6 10. Be3 Ne5 11. b3 Qc7 12. Nd5 Nxd5 13. exd5 Nd7 14. c4 Nc5 15.
b4 Nd7 16. Rc1 Nf6 17. a3 Bd7 18. c5 Rfc8 19. c6 bxc6 20. Nxc6 Bxc6 21. Rxc6 Qb7
22. Qd3 Nd7 23. f4 a5 24. b5 Nc5 25. Qc4 a4 26. Re1 Nb3 27. Bf2 Rcb8 28. b6 Na5
29. Qb5 Qd7 30. Qd3 Rb7 31. Qc2 Rab8 32. Rc1 Bf6 33. g5 Bh8 34. Rc8+ Rxc8 35.
Qxc8+ Qxc8 36. Rxc8+ Kg7 37. Bd4+ f6 38. Bf1 Nb3 39. Ba6 Rd7 40. b7 Rxb7 41.
gxf6+ exf6 42. Bxf6+ Kxf6 43. Bxb7 Bg7 44. Bc6 Nc5 45. Ra8 Kf5 46. Bxa4 Kxf4 47.
Bc2 Kg3 48. a4 Kxh3 49. a5 g5 50. a6 g4 51. Bf5 Bd4+ 52. Kf1 h5 53. a7 Nb3 54.
Bxg4+ 1-0

[Event "ch-RUS Blitz 2016"]
[Site "Sochi RUS"]
[Date "2016.10.04"]
[Round "21.18"]
[White "Savitskiy, Sergey"]
[Black "Kryakvin, Dmitry"]
[Result "1/2-1/2"]
[WhiteTitle "FM"]
[BlackTitle "GM"]
[WhiteElo "2415"]
[BlackElo "2554"]
[WhiteFideId "24105660"]
[BlackFideId "4153278"]
[EventDate "2016.10.04"]

1. Nf3 Nf6 2. g3 g6 3. Bg2 Bg7 4. O-O O-O 5. d3 c5 6. Nbd2 Nc6 7. e4 d6 8. a4
Rb8 9. Nc4 Bg4 10. h3 Bxf3 11. Bxf3 Nd7 12. Bg2 a6 13. a5 Nde5 14. Nxe5 Bxe5 15.
c3 Nxa5 16. d4 cxd4 17. cxd4 Bg7 18. Qa4 Nc6 19. Be3 e5 20. dxe5 Bxe5 21. Qb3
Nd4 22. Qd5 Nb5 23. Rab1 Re8 24. f4 Bg7 25. Kh2 Qe7 26. Bg1 1/2-1/2

[Event "ch-RUS Blitz 2016"]
[Site "Sochi RUS"]
[Date "2016.10.04"]
[Round "21.19"]
[White "Selin, Vladimir"]
[Black "Bologan, Victor"]
[Result "1-0"]
[BlackTitle "GM"]
[WhiteElo "2322"]
[BlackElo "2640"]
[WhiteFideId "4168321"]
[BlackFideId "13900048"]
[EventDate "2016.10.04"]

1. e4 c5 2. d3 d5 3. g3 Nc6 4. Bg2 Nf6 5. exd5 Nxd5 6. Ne2 e5 7. Nbc3 Be6 8. O-O
Be7 9. f4 exf4 10. Bxd5 Bxd5 11. Nxf4 Be6 12. Nxe6 fxe6 13. Be3 Qd7 14. Ne4 b6
15. Qh5+ g6 16. Qe2 O-O-O 17. Kg2 Rhf8 18. Rxf8 Rxf8 19. a3 h5 20. Rf1 Rf5 21.
h3 c4 22. dxc4 Qb7 23. Kh2 Re5 24. Qf3 h4 25. g4 Nd4 26. Bxd4 Rxe4 27. c3 Bd6+
28. Kg1 Bf4 29. Rf2 g5 30. Re2 Rxe2 31. Qxe2 Qc6 32. b3 e5 33. Bf2 e4 34. a4 e3
35. Bxe3 Qe4 36. Kf2 Bg3+ 37. Kg1 Bf4 38. Kf2 Bg3+ 39. Kg1 Qe5 40. Qd3 Bf4 41.
Bxf4 gxf4 42. Qf5+ Qxf5 43. gxf5 Kd7 44. Kf2 Kd6 45. Kf3 Ke5 46. b4 Kxf5 47. c5
bxc5 48. bxc5 Ke5 49. c6 Kd6 50. Kxf4 Kxc6 51. Kg4 Kb6 52. Kxh4 Ka5 53. Kg5 Kxa4
54. h4 Kb3 55. h5 a5 56. h6 a4 57. h7 a3 58. h8=Q a2 59. Qa8 1-0

[Event "ch-RUS Blitz 2016"]
[Site "Sochi RUS"]
[Date "2016.10.04"]
[Round "21.20"]
[White "Dreev, Aleksey"]
[Black "Bryzgalin, Kirill"]
[Result "0-1"]
[WhiteTitle "GM"]
[BlackTitle "GM"]
[WhiteElo "2660"]
[BlackElo "2424"]
[WhiteFideId "4100107"]
[BlackFideId "4133285"]
[EventDate "2016.10.04"]

1. d4 d5 2. c4 c6 3. Nf3 Nf6 4. e3 a6 5. Bd3 g6 6. Nbd2 Bg7 7. b3 O-O 8. Bb2 Bg4
9. h3 Bxf3 10. Nxf3 e6 11. Qc2 Nbd7 12. O-O Re8 13. Rfd1 a5 14. a3 Qb8 15. b4
axb4 16. axb4 dxc4 17. Qxc4 Nb6 18. Qb3 Nfd7 19. Rac1 Rc8 20. Ng5 Nd5 21. e4 Nf4
22. Bf1 h6 23. Nf3 Rd8 24. b5 Rc8 25. g3 Nh5 26. Kg2 Nhf6 27. Re1 Ne8 28. d5
cxd5 29. exd5 e5 30. Rxc8 Qxc8 31. d6 Nxd6 32. Qd5 e4 33. Bxg7 exf3+ 34. Kxf3
Kxg7 35. Qxd6 Nf6 36. Re7 Qc3+ 37. Kg2 b6 38. Qxb6 Nd5 39. Qb7 Nxe7 40. Qxa8 Qc5
41. Qe4 Nd5 42. Qe5+ Kg8 43. b6 Qc6 44. Qe4 Kf8 45. Qf3 h5 46. Bd3 f5 47. Be4
Qxb6 48. Bxd5 Kg7 49. h4 Qd4 50. Bb7 Kh7 51. Ba8 Qc5 52. Qd5 Qc3 53. Qb7+ Kh6
54. Qb8 Kh7 55. Bf3 Qd4 56. Qb7+ Kh6 57. Qd5 0-1

[Event "ch-RUS Blitz 2016"]
[Site "Sochi RUS"]
[Date "2016.10.04"]
[Round "22.1"]
[White "Vitiugov, Nikita"]
[Black "Artemiev, Vladislav"]
[Result "0-1"]
[WhiteTitle "GM"]
[BlackTitle "GM"]
[WhiteElo "2721"]
[BlackElo "2663"]
[WhiteFideId "4152956"]
[BlackFideId "24101605"]
[EventDate "2016.10.04"]

1. d4 d5 2. c4 c6 3. Nf3 Nf6 4. Nc3 e6 5. Bg5 Nbd7 6. e3 h6 7. Bh4 g5 8. Bg3 Nh5
9. Bd3 Nxg3 10. hxg3 Bg7 11. Qc2 Qe7 12. O-O-O dxc4 13. Bxc4 a6 14. Bd3 c5 15.
d5 Nb6 16. d6 Qd8 17. Be4 Bd7 18. g4 Nc4 19. Qb3 Na5 20. Qc2 Rc8 21. Kb1 b5 22.
Nd2 b4 23. Ne2 c4 24. Nd4 c3 25. bxc3 bxc3 26. N2b3 Nc4 27. Qd3 Qf6 28. Qe2 c2+
29. Kxc2 Nxe3+ 30. Kb1 Nxd1 31. Rxd1 O-O 32. Bd3 a5 33. Qe4 Rfd8 34. Ba6 Rb8 35.
Kc2 Rb6 36. Be2 Rxd6 0-1

[Event "ch-RUS Blitz 2016"]
[Site "Sochi RUS"]
[Date "2016.10.04"]
[Round "22.3"]
[White "Khairullin, Ildar"]
[Black "Riazantsev, Alexander"]
[Result "1-0"]
[WhiteTitle "GM"]
[BlackTitle "GM"]
[WhiteElo "2630"]
[BlackElo "2651"]
[WhiteFideId "4151348"]
[BlackFideId "4125029"]
[EventDate "2016.10.04"]

1. d4 Nf6 2. c4 e6 3. Nf3 b6 4. a3 Bb7 5. Nc3 d5 6. cxd5 Nxd5 7. Qc2 Nd7 8. e4
Nxc3 9. bxc3 Be7 10. Bd3 O-O 11. O-O c5 12. Qe2 Re8 13. Bb2 Qc7 14. Nd2 a6 15.
a4 Bd6 16. g3 Bf8 17. f4 f5 18. e5 g6 19. Nf3 cxd4 20. cxd4 Be7 21. h3 Nf8 22.
Kh2 Qd7 23. Rf2 Rec8 24. g4 Bb4 25. gxf5 exf5 26. Rg1 Bd5 27. Bxa6 Ne6 28. Bxc8
Rxc8 29. Qe3 Qxa4 30. Ng5 Nxg5 31. fxg5 Qd7 32. Rc1 Be7 33. Ba3 Rxc1 34. Qxc1
Bd8 35. Bd6 Qe6 36. Rc2 h6 37. Rc8 Qd7 38. Qc7 1-0

[Event "ch-RUS Blitz 2016"]
[Site "Sochi RUS"]
[Date "2016.10.04"]
[Round "22.4"]
[White "Grachev, Boris"]
[Black "Savchenko, Boris"]
[Result "1-0"]
[WhiteTitle "GM"]
[BlackTitle "GM"]
[WhiteElo "2628"]
[BlackElo "2613"]
[WhiteFideId "4129199"]
[BlackFideId "4147332"]
[EventDate "2016.10.04"]

1. d4 Nf6 2. Nf3 d5 3. Bf4 c5 4. e3 Qb6 5. Nc3 Bg4 6. Nb5 Na6 7. dxc5 Qxc5 8. a3
e6 9. b4 Qb6 10. Rc1 Be7 11. Qd4 Bxf3 12. Qxb6 axb6 13. gxf3 O-O 14. Bd3 Rfd8
15. Ke2 Nh5 16. Be5 Bf6 17. f4 g6 18. Rhd1 Bxe5 19. fxe5 Nb8 20. f4 Ng7 21. c4
Nc6 22. cxd5 exd5 23. Nd6 Rdb8 24. Bb5 Rxa3 25. Bxc6 bxc6 26. Rxc6 Ne6 27. Rxd5
b5 28. Rxb5 Ra2+ 29. Kf3 Rxb5 30. Nxb5 Rxh2 31. Nd4 Nxd4+ 32. exd4 Rb2 33. Rb6
Rb3+ 34. Ke2 Rb2+ 35. Ke3 Rb3+ 36. Ke2 Rb2+ 37. Ke3 Rb3+ 38. Kd2 h5 39. d5 Kf8
40. Rb8+ Ke7 41. d6+ Kd7 42. Rb7+ Ke8 43. Kc2 Ra3 44. Rb8+ Kd7 45. Rb7+ Ke8 46.
b5 h4 47. Rb8+ Kd7 48. Rb7+ Ke8 49. Rb8+ Kd7 50. b6 h3 51. b7 Kc6 52. d7 Ra2+
53. Kb3 h2 54. Rh8 Kd5 1-0

[Event "ch-RUS Blitz 2016"]
[Site "Sochi RUS"]
[Date "2016.10.04"]
[Round "22.5"]
[White "Morozevich, Alexander"]
[Black "Matlakov, Maxim"]
[Result "1-0"]
[WhiteTitle "GM"]
[BlackTitle "GM"]
[WhiteElo "2683"]
[BlackElo "2691"]
[WhiteFideId "4116992"]
[BlackFideId "4168003"]
[EventDate "2016.10.04"]

1. e4 e5 2. Nf3 Nc6 3. d4 exd4 4. Nxd4 Nf6 5. Nxc6 bxc6 6. e5 Qe7 7. Qe2 Nd5 8.
h4 f6 9. c4 Ba6 10. Rh3 fxe5 11. Bg5 Qb4+ 12. Nd2 Bd6 13. O-O-O O-O 14. Qg4 Rab8
15. Rb3 Qa4 16. Bh6 g6 17. Qxd7 Be7 18. cxd5 Rxb3 19. Qxe7 Rc3+ 20. bxc3 Qa3+
21. Qxa3 1-0

[Event "ch-RUS Blitz 2016"]
[Site "Sochi RUS"]
[Date "2016.10.04"]
[Round "22.6"]
[White "Moskalenko, Alexander"]
[Black "Pridorozhni, Aleksei"]
[Result "0-1"]
[WhiteTitle "IM"]
[BlackTitle "GM"]
[WhiteElo "2490"]
[BlackElo "2579"]
[WhiteFideId "4155351"]
[BlackFideId "4127870"]
[EventDate "2016.10.04"]

1. b3 e5 2. Bb2 Nc6 3. c4 Nf6 4. e3 d6 5. Nc3 g6 6. g3 Bg7 7. Bg2 Nb4 8. d3 Bf5
9. e4 Be6 10. Nge2 c5 11. Nd5 Nbxd5 12. cxd5 Bd7 13. h3 O-O 14. O-O Qc8 15. Kh2
Nh5 16. f4 Nxg3 17. Nxg3 exf4 18. Bxg7 fxg3+ 19. Kh1 Kxg7 20. Qf3 Qd8 21. Qxg3
Qe7 22. Rae1 f6 23. Rc1 Qe5 24. Qh4 a5 25. Qe1 b5 26. Rf3 b4 27. Qd2 Qd4 28. Rc4
Qa1+ 29. Rf1 Qe5 30. d4 cxd4 31. Rc7 Rf7 32. Rd1 Rc8 33. Rdc1 Rxc7 34. Rxc7 f5
35. Qg5 d3 36. exf5 Bxf5 37. Rc4 Qe1+ 38. Kh2 h6 39. Qf4 Qe5 40. Qxe5+ dxe5 41.
d6 Rd7 42. Rc6 e4 43. Bf1 Kf6 44. Kg3 Ke5 45. Rc5+ Kxd6 46. Rxa5 e3 0-1

[Event "ch-RUS Blitz 2016"]
[Site "Sochi RUS"]
[Date "2016.10.04"]
[Round "22.7"]
[White "Shaposhnikov, Evgeny"]
[Black "Popov, Ivan RUS"]
[Result "0-1"]
[WhiteTitle "GM"]
[BlackTitle "GM"]
[WhiteElo "2557"]
[BlackElo "2596"]
[WhiteFideId "4122232"]
[BlackFideId "4170350"]
[EventDate "2016.10.04"]

1. Nf3 Nf6 2. c4 b6 3. g3 Bb7 4. Bg2 g6 5. O-O Bg7 6. Nc3 O-O 7. Re1 d5 8. cxd5
Nxd5 9. Nxd5 Bxd5 10. e4 Bb7 11. d4 e6 12. Bg5 Qd7 13. Rc1 Nc6 14. Qa4 h6 15.
Be3 Rfd8 16. Red1 Ne5 17. Qxd7 Nxf3+ 18. Bxf3 Rxd7 19. Kg2 Rad8 20. b3 f5 21.
exf5 Bxf3+ 22. Kxf3 exf5 23. Bf4 c5 24. h4 Rxd4 0-1

[Event "ch-RUS Blitz 2016"]
[Site "Sochi RUS"]
[Date "2016.10.04"]
[Round "22.8"]
[White "Alekseev, Evgeny"]
[Black "Zakhartsov, Vladimir"]
[Result "1-0"]
[WhiteTitle "GM"]
[BlackTitle "IM"]
[WhiteElo "2636"]
[BlackElo "2452"]
[WhiteFideId "4138147"]
[BlackFideId "4145097"]
[EventDate "2016.10.04"]

1. e4 c5 2. Nf3 d6 3. d4 Nf6 4. Bb5+ Nbd7 5. O-O cxd4 6. Qxd4 a6 7. Bxd7+ Bxd7
8. Bg5 e5 9. Qd3 Bc6 10. Nc3 Be7 11. Rad1 O-O 12. Bxf6 Bxf6 13. Qxd6 Qxd6 14.
Rxd6 Be7 15. Rd3 f6 16. Nd5 Bc5 17. Rfd1 f5 18. Rc3 fxe4 19. Rxc5 exf3 20. Ne7+
Kf7 21. Nxc6 bxc6 22. gxf3 Rac8 23. Rd6 Rfd8 24. Rxd8 Rxd8 25. Rxc6 a5 26. a4
Rd5 27. b3 h5 28. Kf1 h4 29. Kg2 g6 30. Kh3 Rd2 31. Kxh4 Rxf2 32. Kg3 Rd2 33. h4
Re2 34. Kg4 Rg2+ 35. Kh3 Rf2 36. Kg3 Re2 37. Rc5 Kf6 38. Rxa5 Rxc2 39. Rb5 Rc3
40. Kg4 Rc1 41. Rb6+ Kg7 42. a5 Rg1+ 43. Kh3 Kh6 44. b4 Rh1+ 45. Kg3 Rg1+ 46.
Kf2 1-0

[Event "ch-RUS Blitz 2016"]
[Site "Sochi RUS"]
[Date "2016.10.04"]
[Round "22.9"]
[White "Timofeev, Artyom"]
[Black "Levin, Evgeny A."]
[Result "1/2-1/2"]
[WhiteTitle "GM"]
[BlackTitle "GM"]
[WhiteElo "2601"]
[BlackElo "2505"]
[WhiteFideId "4140419"]
[BlackFideId "4182596"]
[EventDate "2016.10.04"]

1. c4 g6 2. g3 Bg7 3. Bg2 d6 4. Nf3 Nf6 5. O-O O-O 6. Nc3 Nc6 7. Rb1 a5 8. d3 e5
9. a3 Re8 10. Nd2 Nd4 11. h3 c6 12. Kh2 1/2-1/2

[Event "ch-RUS Blitz 2016"]
[Site "Sochi RUS"]
[Date "2016.10.04"]
[Round "22.10"]
[White "Matinian, Nikita"]
[Black "Ponkratov, Pavel"]
[Result "1-0"]
[WhiteTitle "IM"]
[BlackTitle "GM"]
[WhiteElo "2495"]
[BlackElo "2589"]
[WhiteFideId "24129100"]
[BlackFideId "4157800"]
[EventDate "2016.10.04"]

1. e4 g6 2. d4 Bg7 3. Nc3 d6 4. f4 a6 5. Nf3 b5 6. Bd3 Bb7 7. O-O c5 8. dxc5
dxc5 9. e5 Nc6 10. Be3 c4 11. Be4 f5 12. Bd5 Qc8 13. Ng5 Nd8 14. a4 h6 15. Nf3
Rb8 16. axb5 axb5 17. Nxb5 Qd7 18. Bxc4 Qc6 19. b3 g5 20. Nbd4 Qc8 21. fxg5 hxg5
22. Bb5+ Kf8 23. Nxg5 Nh6 24. Bc4 Bxe5 25. Nge6+ Ke8 26. Qh5+ Nhf7 27. Qxf5
Bxh2+ 28. Kf2 Rg8 29. g4 Be5 30. Ke2 Bf6 31. g5 Nd6 32. gxf6 Nxf5 33. Rxf5 exf6
34. Rxf6 Rg2+ 35. Kd3 Nf7 36. Raf1 Ne5+ 37. Kc3 Nxc4 38. Rf8+ Ke7 39. R1f7+ Kd6
40. Bf4+ Ne5+ 41. Rxc8 Rxc8+ 42. Kb2 Bd5 43. Rf5 Rgxc2+ 44. Nxc2 Rxc2+ 45. Kxc2
Be4+ 46. Kc3 Bxf5 47. Ng7 Be6 48. Nxe6 Kxe6 49. Bxe5 Kd5 1-0

[Event "ch-RUS Blitz 2016"]
[Site "Sochi RUS"]
[Date "2016.10.04"]
[Round "22.11"]
[White "Afanasiev, Nikita"]
[Black "Rakhmanov, Aleksandr"]
[Result "1-0"]
[WhiteTitle "FM"]
[BlackTitle "GM"]
[WhiteElo "2280"]
[BlackElo "2662"]
[WhiteFideId "24183555"]
[BlackFideId "4173708"]
[EventDate "2016.10.04"]

1. e4 c5 2. g3 Nf6 3. Bg2 d5 4. exd5 Nxd5 5. Nc3 Nxc3 6. bxc3 g6 7. Nf3 Bg7 8.
O-O O-O 9. d4 cxd4 10. cxd4 Nc6 11. c3 Be6 12. Ng5 Bd5 13. Rb1 Bxg2 14. Kxg2
Qd5+ 15. Qf3 Qxf3+ 16. Nxf3 b6 17. Ba3 Rfd8 18. Rfd1 e6 19. Ng5 Rac8 20. Ne4 Na5
21. Be7 Rd7 22. Bf6 Nc4 23. Rb3 Rd5 24. Re1 Rf5 25. Bxg7 Kxg7 26. Re2 Ra5 27. h4
h6 28. Rb4 Ra3 29. Rc2 Rc7 30. Kf1 f5 31. Nc5 bxc5 32. Rxc4 Kf6 33. Re2 Ra6 34.
Kg2 Rac6 35. Ra4 cxd4 36. cxd4 g5 37. hxg5+ hxg5 38. Ra5 Rd6 39. Ra4 Rcd7 40.
Rd2 g4 41. Kf1 Rb7 42. Ke2 Rbd7 43. Ke3 Kg5 44. Rc2 Rd5 45. Rc5 e5 46. Rxd5 Rxd5
47. dxe5 Rxe5+ 48. Kd2 a5 49. Kd3 Rd5+ 50. Ke2 Kf6 51. Ke3 Ke5 52. Ke2 Rb5 53.
Ke3 Rc5 54. Ke2 Kd5 55. Kd3 Kc6 56. Kd2 Rd5+ 57. Ke3 Kb5 58. Rf4 a4 59. Ke2 a3
60. Ke3 Rc5 61. Kd3 Ka5 62. Rd4 Rb5 63. Kc3 Rd5 64. Rxd5+ Kb6 65. Rxf5 1-0

[Event "ch-RUS Blitz 2016"]
[Site "Sochi RUS"]
[Date "2016.10.04"]
[Round "22.12"]
[White "Gabrielian, Artur"]
[Black "Shcherbakov, Ruslan"]
[Result "1-0"]
[WhiteTitle "GM"]
[BlackTitle "GM"]
[WhiteElo "2524"]
[BlackElo "2516"]
[WhiteFideId "4131002"]
[BlackFideId "4102240"]
[EventDate "2016.10.04"]

1. e4 c5 2. Nf3 Nc6 3. Bb5 g6 4. Bxc6 bxc6 5. O-O Bg7 6. Re1 Nh6 7. c3 O-O 8. d4
cxd4 9. cxd4 d5 10. e5 f6 11. e6 Qd6 12. Qe2 c5 13. b3 Ba6 14. dxc5 Bxe2 15.
cxd6 Bxf3 16. gxf3 exd6 17. Na3 Nf5 18. Bb2 Rac8 19. Rad1 Ne7 20. Nb5 Rc2 21.
Ba3 Rb8 22. Bxd6 Rxb5 23. Bxe7 Rxa2 24. Bd6 Bf8 25. e7 Bxe7 26. Rxe7 Rxb3 27.
Rc1 1-0

[Event "ch-RUS Blitz 2016"]
[Site "Sochi RUS"]
[Date "2016.10.04"]
[Round "22.13"]
[White "Bocharov, Dmitry"]
[Black "Usmanov, Vasily"]
[Result "1-0"]
[WhiteTitle "GM"]
[BlackTitle "IM"]
[WhiteElo "2611"]
[BlackElo "2431"]
[WhiteFideId "4138716"]
[BlackFideId "4135741"]
[EventDate "2016.10.04"]

1. d4 Nf6 2. c4 e6 3. Nf3 Bb4+ 4. Bd2 Qe7 5. g3 Bxd2+ 6. Nbxd2 d6 7. Bg2 O-O 8.
O-O e5 9. e3 Bg4 10. Qb3 c6 11. h3 Bf5 12. c5 dxc5 13. dxe5 Ne4 14. Rfd1 Na6 15.
Nc4 Be6 16. Qc2 Bd5 17. Nh4 Nb4 18. Qe2 Ng5 19. a3 Bxg2 20. Kxg2 Nd5 21. e4 Nb6
22. f4 Ne6 23. Nf5 Qc7 24. Ncd6 Rad8 25. Rd2 g6 26. Qg4 Kh8 27. Qh4 gxf5 28.
Rad1 1-0

[Event "ch-RUS Blitz 2016"]
[Site "Sochi RUS"]
[Date "2016.10.04"]
[Round "22.14"]
[White "Sakaev, Konstantin"]
[Black "Antonenko, Vladimir"]
[Result "1-0"]
[WhiteTitle "GM"]
[BlackTitle "FM"]
[WhiteElo "2594"]
[BlackElo "2311"]
[WhiteFideId "4104226"]
[BlackFideId "24159409"]
[EventDate "2016.10.04"]

1. d4 Nf6 2. c4 e6 3. Nc3 d5 4. cxd5 exd5 5. Bg5 c6 6. Qc2 Nbd7 7. e3 Be7 8. Bd3
O-O 9. Nge2 Re8 10. O-O-O b5 11. Ng3 Qa5 12. Kb1 h6 13. h4 Nb6 14. Bxf6 Bxf6 15.
Nh5 Be7 16. Nf4 Bd6 17. g4 Bxf4 18. exf4 b4 19. Ne2 Bxg4 20. Rhg1 Bxe2 21. Bxe2
Nc4 22. Rg3 Qd8 23. Rdg1 Qf6 24. Bxc4 dxc4 25. Qxc4 Rad8 26. Qxb4 Re4 27. Rxg7+
Qxg7 28. Rxg7+ Kxg7 29. Qc5 Rexd4 30. a3 Rxf4 31. Qxa7 Rd2 32. a4 Rfxf2 33. Qb6
Rf4 34. a5 Rd1+ 35. Kc2 Rd5 36. Qxc6 Rxa5 37. Qc3+ 1-0

[Event "ch-RUS Blitz 2016"]
[Site "Sochi RUS"]
[Date "2016.10.04"]
[Round "22.15"]
[White "Khismatullin, Denis"]
[Black "Hasangatin, Ramil"]
[Result "1-0"]
[WhiteTitle "GM"]
[BlackTitle "GM"]
[WhiteElo "2617"]
[BlackElo "2505"]
[WhiteFideId "4142578"]
[BlackFideId "4122160"]
[EventDate "2016.10.04"]

1. d4 g6 2. c4 Bg7 3. Nc3 e6 4. Nf3 Ne7 5. g3 d5 6. Bg2 O-O 7. O-O b6 8. cxd5
exd5 9. Bg5 Bb7 10. Qd2 Nd7 11. Rac1 Nf6 12. Ne5 Ne4 13. Nxe4 dxe4 14. Nc6 Bxc6
15. Bxe7 Qxe7 16. Rxc6 Rfd8 17. e3 Rd6 18. Rfc1 Rxc6 19. Rxc6 f5 20. Qc3 Rd8 21.
Rxc7 Rd7 22. Rc6 Rd6 23. Rc4 Bf8 24. Bf1 Rd7 25. h4 Kg7 26. a3 Qf6 27. Rc6 Qd8
28. Bb5 Re7 29. h5 Kh6 30. hxg6 hxg6 31. Kg2 Bg7 32. Qb4 Rd7 33. Qa4 Rc7 34. Re6
Qc8 35. d5 Rc2 36. Be8 Rxb2 37. Rxg6+ Kh7 38. Rg5 b5 39. Qxa7 1-0

[Event "ch-RUS Blitz 2016"]
[Site "Sochi RUS"]
[Date "2016.10.04"]
[Round "22.17"]
[White "Moiseenko, Vadim"]
[Black "Chigaev, Maksim"]
[Result "0-1"]
[WhiteTitle "IM"]
[BlackTitle "IM"]
[WhiteElo "2528"]
[BlackElo "2551"]
[WhiteFideId "4123700"]
[BlackFideId "4108116"]
[EventDate "2016.10.04"]

1. e4 c5 2. Nf3 d6 3. d4 Nf6 4. dxc5 Nc6 5. cxd6 Nxe4 6. Na3 Nxd6 7. Bf4 e6 8.
Qd2 Ne4 9. Qxd8+ Kxd8 10. Nb5 Bc5 11. Bg3 Nxg3 12. hxg3 a6 13. Nc3 Ke7 14. Ne4
Ba7 15. O-O-O h6 16. g4 Bd7 17. a3 Rad8 18. Bd3 Bc8 19. Rhe1 b5 20. c3 Bb7 21.
Bc2 Rxd1+ 22. Rxd1 Rd8 23. Re1 Na5 24. Ne5 f6 25. Nd3 e5 26. f4 Nb3+ 27. Bxb3
Rxd3 28. fxe5 Be3+ 29. Kb1 Bxe4 30. Bc2 fxe5 31. Ka1 Bf4 32. Rxe4 Rd2 33. Kb1
Rxg2 34. a4 Rxg4 35. axb5 axb5 36. Bd3 h5 37. Bxb5 h4 38. Re1 h3 39. Bc6 h2 40.
Rh1 Rg1+ 41. Kc2 g5 0-1